| 000 | 01311cam a22003375i 4500 | ||
|---|---|---|---|
| 999 |
_c20149 _d20121 |
||
| 001 | 11271439 | ||
| 003 | EG-ScBUE | ||
| 005 | 20201102112331.0 | ||
| 008 | 040524r20041975enk f b 001 p eng d | ||
| 020 | _a9780140424515 (print) | ||
| 040 |
_aWaSeSS _beng _erda _cWaSeSS _dWaSeSS _dEG-ScBUE _dEG-ScBUE |
||
| 082 | 0 | 4 |
_a811.3 _bWHI _222 |
| 100 | 1 |
_aWhitman, Walt, _d1819-1892, _eauthor. _939303 |
|
| 240 | 1 |
_aWorks. _lEnglish |
|
| 245 | 1 | 4 |
_aThe complete poems / _cWalt Whitman ; edited with an introduction and noted by Francis murphy. |
| 250 | _aReprinted edition with new introduction and appendix. | ||
| 264 | 1 |
_aLondon ; _aNew York : _bPenguin books, _c2004. |
|
| 300 |
_axlviii, 896 pages ; _c20 cm. |
||
| 336 |
_atext _btxt _2rdacontent |
||
| 337 |
_aunmediated _bn _2rdamedia |
||
| 338 |
_avolume _bnc _2rdacarrier |
||
| 490 | 0 | _aPenguin Classics | |
| 500 | _a"First published in Penguin Education, 1975"--Title page. | ||
| 504 | _aIncludes bibliographical references and indexes. | ||
| 520 | _aPresents the complete collection of known poems by nineteenth century writer Walt Whitman. | ||
| 650 | 7 |
_aAmerican poetry _y19th century. _2BUEsh |
|
| 651 | _2BUEsh | ||
| 653 |
_bHHUUEENN _cJuly2015 _cFebruary2016 |
||
| 700 | 1 |
_aMurphy, Francis, _eeditor, _eauthor of introduction, etc. |
|
| 942 |
_2ddc _cBB |
||